Buchstaben, die es nur in wenigen Sprachen gibt - Statistiken

Allgemein
  • Dieses Quiz wurde 158 mal gespielt
  • Das Durchschnittsergebnis liegt bei 6 aus 18
Antwortstatistiken
Buchstabe Sprache % Korrekt
ß Deutsch
99%
Ø Dänisch, Norwegisch, Färöisch
71%
ñ Spanisch
68%
Ë Französisch, Niederländisch, Albanisch
58%
Õ Portugiesisch, Estisch, Vietnamesisch
36%
ř Tschechisch
33%
Þ Isländisch
29%
ð Isländisch, Färöisch
28%
Ż Polnisch
28%
Ğ Türkisch, Aserbaidschanisch
28%
Ő Ungarisch
27%
İı Türkisch, Aserbaidschanisch
22%
Ș Rumänisch
21%
ə Aserbaidschanisch
12%
Ů Tschechisch
12%
Vietnamesisch
11%
ħ Maltesisch
10%
Ľ Slowakisch
7%
Keine übereinstimmenden Quizze gefunden
Verteilung der Resultate
Anzahl Personen mit jedem Resultat
Perzentil nach korrekt beantworteten Fragen
Ihre Resultats-Entwicklung
Sie haben dieses Quiz noch nicht gespielt